Auburn Football: Top 10 All-Time Leaders - Statistics

General Stats
  • This quiz has been taken 21 times
  • The average score is 15 of 62
Answer Stats
Category # Player Amount % Correct
Passing Yards 3 Bo Nix 7,251
94%
Passing Yards 8 Patrick Nix 4,957
82%
Rushing Yards 1 Bo Jackson 4,303
76%
Rushing Yards 2 Cadillac Williams 3,831
76%
Passing Yards 7 Jarrett Stidham 5,952
76%
Rushing Yards 4 Jarquez Hunter 3,371
65%
Receiving Yards 4 Seth Williams 2,124
65%
Rushing Yards 8 Tank Bigsby 2,903
65%
Passing Yards 10 Nick Marshall 4,508
53%
Rushing Yards 7 Tre Mason 2,979
53%
Passing Yards 2 Jason Campbell 7,299
47%
Passing Yards 5 Pat Sullivan 6,284
47%
Passing Yards 1 Stan White 8,016
41%
Rushing Yards 9 Stephen Davis 2,811
35%
Receiving Yards 1 Terry Beasley 2,507
35%
Receiving Yards 7 Frank Sanders 1,998
29%
Tackles 10 Takeo Spikes 331
29%
Passing Yards 4 Brandon Cox 6,959
24%
Interceptions T3 Brian Robinson 13
24%
Receiving Yards 3 Karsten Bailey 2,174
24%
Sacks T9 Marlon Davidson 17.0
24%
Tackles 7 Tracy Rocker 354
24%
Sacks T4 Tracy Rocker 21.0
24%
Receiving Yards 2 Tyrone Goodson 2,283
24%
Sacks 3 Antonio Coleman 24.5
18%
Rushing Yards 6 Ben Tate 3,321
18%
Rushing Yards 10 Brent Fullwood 2,789
18%
Passing Yards 6 Dameyune Craig 6,026
18%
Tackles 1 Freddie Smith 528
18%
Interceptions 1 Buddy McClinton 18
12%
Receiving Yards 5 Courtney Taylor 2,098
12%
Receiving Yards 8 Darvin Adams 1,978
12%
Sacks 7 Derick Hall 19.0
12%
Receiving Yards 6 Emory Blake 2,022
12%
Sacks T1 Gerald Robinson 26.0
12%
Rushing Yards 3 James Brooks 3,523
12%
Rushing Yards 5 Joe Cribbs 3,368
12%
Receiving Yards 10 Lawyer Tillman 1,808
12%
Passing Yards 9 Reggie Slack 4,697
12%
Tackles 4 Anthony Harris 400
6%
Interceptions T7 Bobby Freeman 11
6%
Tackles 6 Chris Martin 374
6%
Interceptions T7 Clifford Toney 11
6%
Sacks T9 Corey Lemonier 17.0
6%
Sacks T4 Craig Ogletree 21.0
6%
Tackles 3 Darrel Crawford 424
6%
Interceptions 2 Dave Beck 14
6%
Interceptions T5 David King 12
6%
Interceptions T5 David Langner 12
6%
Sacks 6 Dee Ford 20.5
6%
Tackles 8 Dontarrious Thomas 351
6%
Interceptions T3 Don Webb 13
6%
Receiving Yards 9 Freddy Weygand 1,946
6%
Tackles 2 Gregg Carr 453
6%
Interceptions T7 Jim McKinney 11
6%
Interceptions T7 Larry Willingham 11
6%
Sacks T9 Leonardo Carson 17.0
6%
Tackles 9 Marcellus Mostella 336
6%
Sacks T1 Quentin Groves 26.0
6%
Tackles 5 Quentin Riggins 398
6%
Sacks 8 Reggie Torbor 18.5
6%
Sacks T9 Willie Whitehead 17.0
6%
No matching quizzes found
Score Distribution
Percent of People with Each Score
Percentile by Number Answered
Your Score History
You have not taken this quiz